Les Textes : types et prototypes (notice n° 1567109)

détails MARC
000 -LEADER
fixed length control field 01071cam a2200133 4500500
005 - DATE AND TIME OF LATEST TRANSACTION
control field 20251214002551.0
041 ## - LANGUAGE CODE
Language code of text/sound track or separate title fre
042 ## - AUTHENTICATION CODE
Authentication code dc
100 10 - MAIN ENTRY--PERSONAL NAME
Personal name Adam, Jean-Michel
Relator term author
245 00 - TITLE STATEMENT
Title Les Textes : types et prototypes
260 ## - PUBLICATION, DISTRIBUTION, ETC.
Name of publisher, distributor, etc. Armand Colin,<br/>
Date of publication, distribution, etc. 2017.<br/>
520 ## - SUMMARY, ETC.
Summary, etc. Ce manuel de référence a été actualisé pour suivre les recherches les plus récentes dans son domaine. Afin de dépasser la complexité d’une typologie des textes, l’auteur isole des segments de petite taille, généralement composés de plusieurs phrases : les séquences. S’appuyant sur de nombreux exemples et illustrant son propos de schémas, il analyse les caractéristiques de cinq prototypes de séquences : narratif, descriptif, argumentatif, explicatif et dialogal. Son travail prend en compte l’évolution des recherches en didactique du français et des langues étrangères ainsi qu’en linguistique du discours et analyse littéraire.
856 41 - ELECTRONIC LOCATION AND ACCESS
Uniform Resource Identifier <a href="https://shs.cairn.info/les-textes-types-et-prototypes--9782200617288?lang=fr&redirect-ssocas=7080">https://shs.cairn.info/les-textes-types-et-prototypes--9782200617288?lang=fr&redirect-ssocas=7080</a>

Pas d'exemplaire disponible.

PLUDOC

PLUDOC est la plateforme unique et centralisée de gestion des bibliothèques physiques et numériques de Guinée administré par le CEDUST. Elle est la plus grande base de données de ressources documentaires pour les Étudiants, Enseignants chercheurs et Chercheurs de Guinée.

Adresse

627 919 101/664 919 101

25 boulevard du commerce
Kaloum, Conakry, Guinée

Réseaux sociaux

Powered by Netsen Group @ 2025